Ứng dụng công nghệ trong sản xuất rau
Guardat en:
| Autor principal: | |
|---|---|
| Format: | Llibre |
| Idioma: | Undetermined |
| Publicat: |
Hà Nội
Lao động
2005
|
| Matèries: | |
| Etiquetes: |
Afegir etiqueta
Sense etiquetes, Sigues el primer a etiquetar aquest registre!
|
| Thư viện lưu trữ: | Trung tâm Học liệu Trường Đại học Cần Thơ |
|---|
| LEADER | 00655nam a2200229Ia 4500 | ||
|---|---|---|---|
| 001 | CTU_98088 | ||
| 008 | 210402s9999 xx 000 0 und d | ||
| 020 | |c 20000 | ||
| 082 | |a 635 | ||
| 082 | |b Th300 | ||
| 100 | |a Trần, Khắc Thi | ||
| 245 | 0 | |a Ứng dụng công nghệ trong sản xuất rau | |
| 245 | 0 | |c Trần Khắc Thi, Trần Ngọc Hùng | |
| 260 | |a Hà Nội | ||
| 260 | |b Lao động | ||
| 260 | |c 2005 | ||
| 526 | |a Phân bón vi sinh | ||
| 526 | |b CSV612 | ||
| 650 | |a Vegetables,Pests | ||
| 650 | |x Integrated control | ||
| 904 | |i Tuyến | ||
| 980 | |a Trung tâm Học liệu Trường Đại học Cần Thơ | ||